Countries by Number of Goats - Statistics

General Stats
  • This quiz has been taken 42 times
  • The average score is 13 of 20
Answer Stats
Goats Country % Correct
188,030,530 China
97%
133,000,000 India
94%
66,600,000 Pakistan
85%
22,120,000 Iran
79%
14,883,559 Niger
74%
19,216,300 Indonesia
68%
20,083,130 Mali
68%
71,000,000 Nigeria
68%
31,029,000 Sudan
68%
10,347,159 Turkey
68%
29,112,963 Ethiopia
65%
55,900,000 Bangladesh
62%
25,430,058 Kenya
62%
22,008,896 Mongolia
62%
13,550,000 South Sudan
62%
16,250,000 Tanzania
62%
14,011,000 Uganda
59%
11,600,000 Somalia
50%
10,177,531 Nepal
44%
13,891,000 Burkina Faso
41%
No matching quizzes found
Score Distribution
Percent of People with Each Score
Percentile by Number Answered
Your Score History
You have not taken this quiz